000 00652nam a2200229Ia 4500
003 BUBTL
008 151213s9999 xx 000 0 und d
020 _a9788120321236
082 _a332.6/ H2925m/ 2001
100 _a.Haugen, Robert A.
_91766
245 _aModern Investment Theory /
_cRobert A.Haugen
250 _a5th
260 _aNew Delhi
_bPHI Learning Private Ltd.
_cc2001
300 _axvi, 656p. ill. chart, graph, Table
_b; 24 cm.
500 _aInclude Index
650 _aFinance
650 0 _aInvestment
_915
700 _aRobert A.Haugen
856 _k0
_l0
_yDownload
942 _2ddc
_cBK
999 _c4933
_d4933